Spanish Verbs #22 - 1st pers. plur. fut. - Statistics

General Stats
  • This quiz has been taken 13 times
  • The average score is 43 of 50
Answer Stats
Infinitive Fut. nosotros/as % Correct
agradecer agradeceremos
100%
caer caeremos
100%
comer comeremos
100%
conducir conduciremos
100%
conocer conoceremos
100%
contar contaremos
100%
crecer creceremos
100%
dar daremos
100%
dirigir dirigiremos
100%
dormir dormiremos
100%
elegir elegiremos
100%
encontrar encontraremos
100%
estar estaremos
100%
hablar hablaremos
100%
ir iremos
100%
jugar jugaremos
100%
morir moriremos
100%
pedir pediremos
100%
querer querremos
100%
reír reiremos
100%
repetir repetiremos
100%
seguir seguiremos
100%
sentir sentiremos
100%
ser seremos
100%
servir serviremos
100%
ver veremos
100%
vivir viviremos
100%
volver volveremos
100%
almorzar almorzaremos
75%
cerrar cerraremos
75%
empezar empezaremos
75%
entender entenderemos
75%
haber habremos
75%
oír oiremos
75%
pensar pensaremos
75%
perder perderemos
75%
poder podremos
75%
preferir preferiremos
75%
proteger protegeremos
75%
recoger recogeremos
75%
saber sabremos
75%
traducir traduciremos
75%
traer traeremos
75%
decir diremos
50%
hacer haremos
50%
poner pondremos
50%
salir saldremos
50%
tener tendremos
50%
valer valdremos
50%
venir vendremos
50%
No matching quizzes found
Score Distribution
Percent of People with Each Score
Percentile by Number Answered
Your Score History
You have not taken this quiz